000 01128nam0a22002651 4500
001 rc\3368688
005 20130115153140.0
021 _aRU
_bП1432-71
035 _a(NLR Aleph) 007446055
090 _a7166307
_c7166307
100 _a20130115d1970 |||y0rusy50 ca
101 0 _arus
102 _aRU
105 _aa z |||||
200 1 _aИсследование эксплуатационных качеств виноградниковых тракторов в условиях Молдавии
_e[Сборник статей
_f[Ред... канд. техн. наук доц. А.И. Сафронов]
210 _aКишинев
_cБ. и.
_d1970
215 _a193 с.
_cил.
_d26
225 1 _aМинистерство сельского хозяйства СССР. Кишиневский сельскохозяйственный институт имени М.В. Фрунзе. Труды
_vТ. 70
320 _aБиблиогр. в конце статей
702 1 _aСафронов
_bА. И.
_4340
801 0 _aRU
_bNLR
_gpsbo
801 1 _aRU
_bELAR
_2rusmarc
852 _aNLR
_jП13/442
942 _cBOOK
980 _aNB